000 00680nam a2200253Ia 4500
003 OSt
005 20221006142554.0
006 a|||||r|||| 00| 0
007 ta
008 221006b |||||||| |||| 00| 0 eng d
020 _c
_5.00
024 _a6,625
037 _cTextual
040 _aEASL
_cEASL
_beng
041 _2eng
_aeng
082 _aY:5.4295.N45, J4
100 _aBarclay George W.
245 0 _aColonial development and population in Taiwan
260 _aPrinceton
_bPrinceton University Press
_c1954
300 _a274p.
_ccm.
490 _v CEL
942 _hY:5.4295.N45, J4
_cTEXL
_2CC
999 _c1074711
_d1074711